Statistics for Wales Rugby - Most Dropped Goals

Click here to take the quiz!

General Stats

  • This quiz has been taken 19 times
  • The average score is 5 of 6

Answer Stats

Dropped GoalsYears ActivePlayer% Correct
61998-2011Stephen Jones
89%
81966-1972Barry John
83%
101991-2002Neil Jenkins
83%
72008-2020Dan Biggar
78%
71978-1985Gareth Davies
61%
131985-1997Jonathan Davies
61%

Score Distribution

Percentile by Number Answered

Percent of People with Each Score

Your Score History

You have not taken this quiz